000 00688nam a2200289Ia 4500
005 20260324121831.0
008 008 260324s9999 xx 000 0 eng d
020 _a9780203567791
037 _aEBOOK
040 _aCRL
040 _beng
040 _cCRL
041 _2eng
041 _aeng
084 _qCRL
100 _aDana Och; Kirsten Strayer
_91164053
245 0 _aTransnational Horror Across Visual Media
245 0 _bFragmented Bodies
260 _bTaylor and Francis
260 _c2013
365 _a
365 _b255
856 _uhttp://www.taylorfrancis.com/books/9780203567791
942 _cEBOOK
999 _c1756394
_d1756394